| 000 | 00654nam a22001937a 4500 | ||
|---|---|---|---|
| 005 | 20180706170529.0 | ||
| 010 | _aENG-122479 | ||
| 020 |
_a9788125051022 _c310.00 |
||
| 035 | _aEN-106011 | ||
| 037 | _bDBAD/PUB | ||
| 082 | _a302.2 | ||
| 100 | _aSinha, Dipankar | ||
| 245 |
_aDevelopment communication: _cby Dipankar Sinha _bcontexts for the twenty-first century / |
||
| 260 |
_aNew Delhi _bOrient BlackSwan Pvt. Ltd. _c2013 |
||
| 270 |
_a1/24, Asaf Ali Road _bNew Delhi _e110002 _mdelhi@orientblackswan.com |
||
| 300 |
_a(viii)217p. _bill. _c24cm(pbk) |
||
| 500 | _aIt include bibliography and index | ||
| 942 |
_2ddc _cEN _mSIN _h302.2 |
||
| 999 |
_c150736 _d150736 |
||